000 00598nam a2200229Ia 4500
003 OSt
005 20221007071213.0
006 a|||||r|||| 00| 0
007 ta
008 221006b |||||||| |||| 00| 0 eng d
024 _a25,237
037 _cTextual
040 _aFLL
_cFLL
_beng
041 _2eng
_aeng
082 _aZ3:5112y7, J5.3
100 _aFurneaux Rupert
_956637
245 0 _aCriminal cases
260 _aLondon
_bAllan Wingate UK
_c1955
300 _axxi,209p
_ccm.
942 _hZ3:5112y7, J5.3
_cTEXL
_2CC
999 _c1142752
_d1142752